000 00562nam a2200217Ia 4500
005 20250508162008.0
008 008 250505s9999 xx 000 0 eng d
020 _a0-02-979980-5
037 _aTextual
040 _aFEDL
_beng
_cFEDL
041 _aeng
_2eng
084 _a338, STI
_qFEDL
100 _aStigler George J.
245 0 _aTheory of price
250 _a3
260 _aNew York, USA
_bMacmillan Publishing Company
_c1966
300 _aviii,348p
650 _aEconomics
942 _cTEXL
_h338, STI
999 _c1373727
_d1373727